Central Library and Information Centre
Sibsagar Girls' College, Sivasagar : Assam

MULTI DISCIPLINARY (DU - 4th Semester) (Record no. 21775)

MARC details
000 -LEADER
fixed length control field 00463cam a2200193ua 4500
008 - FIXED-LENGTH DATA ELEMENTS--GENERAL INFORMATION
fixed length control field 160328n II |||gr||||Z||||||asm
040 ## - CATALOGING SOURCE
Original cataloging agency MAIN
041 ## - LANGUAGE CODE
-- English
082 ## - DEWEY DECIMAL CLASSIFICATION NUMBER
Classification number 028.7 PAU
082 ## - DEWEY DECIMAL CLASSIFICATION NUMBER
Classification number PAU
100 ## - MAIN ENTRY--PERSONAL NAME
Personal name PAUL, PRANAB.
245 ## - TITLE STATEMENT
Title MULTI DISCIPLINARY (DU - 4th Semester)
250 ## - EDITION STATEMENT
Edition statement 3RD REV.
260 ## - PUBLICATION, DISTRIBUTION, ETC.
Place of publication, distribution, etc. DIBRUGARH:
Name of publisher, distributor, etc. MAHAVEER PUBLICATIONS.,
Date of publication, distribution, etc. 2016.
300 ## - PHYSICAL DESCRIPTION
Extent 147:
Dimensions 24CM.
700 ## - ADDED ENTRY--PERSONAL NAME
Personal name PAUL, SANGITA.
942 ## - ADDED ENTRY ELEMENTS (KOHA)
Koha item type Books
Holdings
Withdrawn status Lost status Damaged status Not for loan Collection code Home library Current library Shelving location Date acquired Full call number Barcode Date last seen Copy number Price effective from Koha item type Public note
        TBASM Central Library and Information Centre Sibsagar Girls College Central Library and Information Centre Sibsagar Girls College Location Not Found 29.02.2016 028.7 PAU 33050 27.02.2020 1 27.02.2020 Books  
        REFBOT Central Library and Information Centre Sibsagar Girls College Central Library and Information Centre Sibsagar Girls College BOTANY BOOK RACK 29.02.2016 PAU 33051 27.02.2020 2 27.02.2020 Books V


Sibsagar Girl's College © 2020. All rights reserved.
Powered by Koha.
Maintained by Abhijit Borpuzari.